[Event "Cappelle-la-Grande"]
[Site "Cappelle-la-Grande (FRA)"]
[Date "2013.02.28"]
[Round "7.40"]
[White "Hopman, Pieter"]
[Black "Jianu, Vlad-Cristian"]
[Result "0-1"]
[WhiteElo "2347"]
[BlackElo "2500"]
[PlyCount "70"]
[EventDate "2013.??.??"]

1. d4 Nf6 2. Nf3 e6 3. c4 d5 4. g3 Bb4+ 5. Nbd2 O-O 6. Bg2 Nbd7 7. a3 Be7 8. b4
a5 9. Rb1 axb4 10. axb4 b6 11. O-O Bb7 12. Qc2 dxc4 13. b5 Qb8 14. Ne5 Nxe5 15.
dxe5 Nd7 16. Nxc4 Bxg2 17. Kxg2 Qb7+ 18. Kg1 Rfd8 19. Be3 Nc5 20. Rfc1 Rd5 21.
f4 h5 22. Nd2 h4 23. gxh4 Ra3 24. Bf2 Ra4 25. Nc4 Qa8 26. h5 Ne4 27. Be3 Bb4
28. Nb2 Ra3 29. Nd3 Bc3 30. Qd1 Qa5 31. Qf1 Bd2 32. Qf3 Bxc1 33. Rxc1 Nc3 34.
Bd2 Nxe2+ 35. Qxe2 Qxb5 0-1

[Event "Cappelle-la-Grande"]
[Site "Cappelle-la-Grande (FRA)"]
[Date "2013.02.28"]
[Round "7.41"]
[White "Brynell, Stellan"]
[Black "Eriksson, Christian"]
[Result "1-0"]
[WhiteElo "2485"]
[BlackElo "2141"]
[PlyCount "87"]
[EventDate "2013.??.??"]

1. d4 d5 2. c4 dxc4 3. Nf3 Nf6 4. e3 e6 5. Bxc4 a6 6. O-O c5 7. Bd3 Nbd7 8. Re1
b6 9. e4 cxd4 10. e5 Nd5 11. Nxd4 Nc5 12. Bf1 Bb7 13. Nd2 Be7 14. Qg4 O-O 15.
N2f3 Kh8 16. Bd2 a5 17. a3 a4 18. Red1 Rc8 19. Rac1 Rc7 20. Bg5 h6 21. Bxe7
Qxe7 22. Nb5 Rd7 23. Nd6 Rc7 24. Nxb7 Rxb7 25. Bb5 Ra7 26. h3 f5 27. exf6 Qxf6
28. Rc2 Ne7 29. Re2 Ra5 30. Bc4 Nf5 31. Ne5 Kh7 32. Qf4 Raa8 33. Nd7 Nxd7 34.
Rxd7 Rae8 35. Bd3 Kh8 36. Qxa4 e5 37. Qe4 g6 38. Rc2 Re7 39. Rxe7 Qxe7 40. Rc6
Rf6 41. Rc8+ Kh7 42. Qc4 Rf7 43. Rc6 b5 44. Qe6 1-0

[Event "Cappelle-la-Grande"]
[Site "Cappelle-la-Grande (FRA)"]
[Date "2013.02.28"]
[Round "7.43"]
[White "Kambrath, Yannick"]
[Black "Baron, Tal"]
[Result "0-1"]
[WhiteElo "2232"]
[BlackElo "2470"]
[PlyCount "76"]
[EventDate "2013.??.??"]

1. d4 d5 2. c4 dxc4 3. e4 e5 4. Nf3 exd4 5. Bxc4 Nc6 6. O-O Be6 7. Bb5 Bc5 8.
b4 Bb6 9. Bb2 Nge7 10. Nxd4 O-O 11. Nc2 f5 12. Nc3 a6 13. exf5 Bxf5 14. Bc4+
Kh8 15. Qe2 Bxc2 16. Qxc2 Nxb4 17. Qe2 Nf5 18. Rad1 Qh4 19. Qe4 Qh6 20. Ba3
Rae8 21. Qg4 a5 22. Nd5 c5 23. Bc1 Qc6 24. Nxb6 Qxb6 25. a3 Nc2 26. h4 Qc7 27.
h5 Ncd4 28. a4 Qc6 29. Rfe1 Qxa4 30. Rxe8 Qxe8 31. h6 Nxh6 32. Bxh6 gxh6 33.
Qh4 Qa4 34. Rc1 Ne2+ 35. Kh2 Nxc1 36. Qxh6 Qe8 37. Qxc1 Qe5+ 38. Kg1 Qd4 0-1

[Event "Cappelle-la-Grande"]
[Site "Cappelle-la-Grande (FRA)"]
[Date "2013.02.28"]
[Round "7.45"]
[White "Degembe, Pierre"]
[Black "Blomqvist, Erik"]
[Result "0-1"]
[WhiteElo "2020"]
[BlackElo "2465"]
[PlyCount "62"]
[EventDate "2013.??.??"]

1. c4 b6 2. Nc3 Bb7 3. e4 e6 4. g3 f5 5. Bg2 Nf6 6. d3 fxe4 7. Nxe4 Nxe4 8.
dxe4 Qf6 9. Ne2 Bb4+ 10. Nc3 Bxc3+ 11. bxc3 Qxc3+ 12. Bd2 Qd4 13. O-O O-O 14.
Qe2 Nc6 15. Be3 Qf6 16. Rfd1 d6 17. f4 e5 18. Rab1 exf4 19. gxf4 Rae8 20. Rb5
Nd8 21. Rf5 Qe7 22. Rxf8+ Rxf8 23. f5 Nf7 24. Qg4 Ne5 25. Qg3 Nxc4 26. Bg5 Qe5
27. Qb3 b5 28. a4 Bxe4 29. Re1 Qc5+ 30. Be3 Qxf5 31. axb5 Bxg2 0-1

[Event "Cappelle-la-Grande"]
[Site "Cappelle-la-Grande (FRA)"]
[Date "2013.02.28"]
[Round "7.46"]
[White "Peyre, Camille"]
[Black "Raznikov, Danny"]
[Result "0-1"]
[WhiteElo "1965"]
[BlackElo "2463"]
[PlyCount "112"]
[EventDate "2013.??.??"]

1. d4 Nf6 2. c4 c5 3. d5 b5 4. cxb5 a6 5. bxa6 g6 6. Nc3 Bxa6 7. Nf3 d6 8. e4
Bxf1 9. Kxf1 Bg7 10. g3 O-O 11. Kg2 Nbd7 12. a4 Ra6 13. Qc2 Qa8 14. Bg5 h6 15.
Bxf6 Nxf6 16. Nd2 Rb8 17. b3 Ng4 18. Nc4 Ne5 19. Nxe5 Bxe5 20. Rab1 Bxc3 21.
Qxc3 Rb4 22. Qe3 Rab6 23. Rhc1 Kg7 24. Qd3 Rd4 25. Qc2 Rdb4 26. Qd3 Kh7 27. Qf3
Kg8 28. Qe3 Qb7 29. Qd3 Rd4 30. Qc2 Rbb4 31. Re1 h5 32. h4 Rb6 33. Kg1 Kh7 34.
Rec1 Rdb4 35. Qd3 Rxb3 36. Rxb3 Rxb3 37. Rc3 Rxc3 38. Qxc3 Qb4 39. Qf3 Kg7 40.
g4 hxg4 41. Qxg4 Qxa4 42. h5 Qa1+ 43. Kg2 Qf6 44. Kf1 g5 45. Qc8 Kh6 46. e5
Qxe5 47. Qf8+ Kxh5 48. Qxf7+ Kh6 49. Qf8+ Qg7 50. Qf5 Qa1+ 51. Kg2 Qf6 52. Qh3+
Kg7 53. Qg4 Qe5 54. Qc4 Qd4 55. Qe2 Qxd5+ 56. Kg1 Qe5 0-1

[Event "Cappelle-la-Grande"]
[Site "Cappelle-la-Grande (FRA)"]
[Date "2013.02.28"]
[Round "7.47"]
[White "Barlov, Dragan"]
[Black "Harazinska, Ewa"]
[Result "1/2-1/2"]
[WhiteElo "2461"]
[BlackElo "2019"]
[PlyCount "136"]
[EventDate "2013.??.??"]

1. c4 c5 2. Nf3 Nc6 3. d4 cxd4 4. Nxd4 g6 5. e4 Bg7 6. Be3 d6 7. Nc3 Nf6 8. Be2
O-O 9. O-O a6 10. Qd2 Ng4 11. Bxg4 Bxg4 12. Nxc6 bxc6 13. Bh6 Bxh6 14. Qxh6 Qb6
15. b3 e5 16. h3 Be6 17. Rad1 Rad8 18. Rd3 Rd7 19. Rfd1 Qb4 20. Qd2 Rfd8 21.
Qe3 f6 22. R3d2 Qa5 23. Na4 d5 24. Qb6 Qxb6 25. Nxb6 Rb7 26. exd5 cxd5 27. Nxd5
Kf7 28. Nc3 Rbd7 29. Rxd7+ Rxd7 30. Rxd7+ Bxd7 31. h4 f5 32. Kf1 Ke6 33. Ke2
Kd6 34. b4 e4 35. Ke3 Ke5 36. f4+ exf3 37. gxf3 f4+ 38. Kd3 Bc6 39. Ne4 h6 40.
Nd2 g5 41. hxg5 hxg5 42. Kc3 Bd7 43. a3 Bc6 44. Kd3 Bd7 45. Nf1 Bf5+ 46. Kc3 g4
47. fxg4 Bxg4 48. a4 Bd1 49. a5 Bg4 50. b5 axb5 51. cxb5 Be2 52. b6 Ba6 53. Nd2
Kd5 54. Kb4 Kd6 55. Ne4+ Kc6 56. Nf2 Kd6 57. Nh3 f3 58. Ng5 Be2 59. Ne4+ Kc6
60. Kc3 Ba6 61. Kb4 Be2 62. Nf2 Ba6 63. Ng4 Kd6 64. Nf2 Kc6 65. Ne4 Bc8 66. Nf2
Ba6 67. Ng4 Kd6 68. Nf2 Kc6 1/2-1/2

[Event "Cappelle-la-Grande"]
[Site "Cappelle-la-Grande (FRA)"]
[Date "2013.02.28"]
[Round "7.49"]
[White "Svetushkin, Dmitry"]
[Black "Grochal, Joey"]
[Result "1-0"]
[WhiteElo "2612"]
[BlackElo "2175"]
[PlyCount "91"]
[EventDate "2013.??.??"]

1. e4 c5 2. Nf3 e6 3. d3 Nc6 4. g3 g6 5. Bg2 Bg7 6. O-O Nge7 7. c3 e5 8. a3 d6
9. b4 b6 10. Bb2 O-O 11. Nbd2 h6 12. b5 Na5 13. d4 a6 14. a4 axb5 15. axb5 Bd7
16. Qe2 exd4 17. cxd4 Qe8 18. Rfb1 Bxb5 19. Qe3 Nc4 20. Nxc4 Bxc4 21. Nd2 Ba2
22. Rd1 Nc6 23. Nf3 d5 24. e5 cxd4 25. Bxd4 Nxd4 26. Qxd4 b5 27. h4 Ra3 28. Qb2
b4 29. Rxa2 Qa4 30. Raa1 Rc8 31. Rab1 b3 32. Rxd5 Rb8 33. Qc1 Ra2 34. Qc7 Re8
35. Rd4 Qa3 36. h5 gxh5 37. Rd8 Rxd8 38. Qxd8+ Bf8 39. e6 fxe6 40. Bh3 Re2 41.
Qb6 Qa2 42. Rxb3 Qc2 43. Bxe6+ Kg7 44. Qd4+ Kg6 45. Nh4+ Kg5 46. Qf4# 1-0

[Event "Cappelle-la-Grande"]
[Site "Cappelle-la-Grande (FRA)"]
[Date "2013.02.28"]
[Round "7.100"]
[White "Georgiadis, Nico"]
[Black "Pedersen, Henrik Bolding"]
[Result "1-0"]
[WhiteElo "2380"]
[BlackElo "2136"]
[PlyCount "69"]
[EventDate "2013.??.??"]

1. e4 c6 2. d4 d5 3. exd5 cxd5 4. Bd3 Nc6 5. c3 Qc7 6. Ne2 Bg4 7. f3 Bd7 8. Na3
a6 9. O-O e5 10. Re1 Nf6 11. Nc2 h6 12. Ng3 O-O-O 13. dxe5 Nxe5 14. Nd4 g6 15.
Be3 Bd6 16. Qc2 Nh5 17. Nxh5 Nxd3 18. Qxd3 Bxh2+ 19. Kh1 gxh5 20. Ne2 Be5 21.
Qxd5 Bb5 22. Qe4 Bd3 23. Qh4 Rhg8 24. Nf4 Bb5 25. Rad1 Rd6 26. Rd5 f6 27. Red1
Rxd5 28. Nxd5 Qg7 29. Rd2 Kb8 30. f4 Bc6 31. fxe5 Bxd5 32. exf6 Bxg2+ 33. Kh2
Qg6 34. Qf4+ Ka8 35. f7 1-0

[Event "Cappelle-la-Grande"]
[Site "Cappelle-la-Grande (FRA)"]
[Date "2013.02.28"]
[Round "7.101"]
[White "Zawadzka, Jolanta"]
[Black "Duverne, Jean-Marie"]
[Result "1-0"]
[WhiteElo "2374"]
[BlackElo "2130"]
[PlyCount "81"]
[EventDate "2013.??.??"]

1. e4 e6 2. d4 d5 3. Nc3 Nf6 4. e5 Nfd7 5. f4 c5 6. Nf3 Nc6 7. Be3 Be7 8. Qd2
O-O 9. Be2 a6 10. O-O b5 11. a3 Qb6 12. Rad1 cxd4 13. Nxd4 Nxd4 14. Bxd4 Bc5
15. Bf3 Bxd4+ 16. Qxd4 Qxd4+ 17. Rxd4 Bb7 18. Ne2 Rac8 19. Rd2 Nc5 20. Nd4 g6
21. h4 Ne4 22. Bxe4 dxe4 23. Kf2 Bd5 24. Ke3 a5 25. Rfd1 b4 26. axb4 axb4 27.
Nb5 Ra8 28. Nd6 Ra2 29. b3 Kg7 30. g4 Rfa8 31. f5 Rb2 32. f6+ Kf8 33. Nc4 Raa2
34. Nxb2 Rxb2 35. Ra1 Ke8 36. Ra4 Rb1 37. Rxb4 Rh1 38. c4 Rh3+ 39. Kd4 e3 40.
Ra2 Bh1 41. Ra7 1-0

[Event "Cappelle-la-Grande"]
[Site "Cappelle-la-Grande (FRA)"]
[Date "2013.02.28"]
[Round "7.102"]
[White "Landuyt, Eric"]
[Black "Sedina, Elena"]
[Result "1-0"]
[WhiteElo "2041"]
[BlackElo "2349"]
[PlyCount "75"]
[EventDate "2013.??.??"]

1. c4 Nf6 2. g3 c6 3. Bg2 d5 4. Nf3 Bg4 5. Ne5 Be6 6. cxd5 Bxd5 7. Nf3 c5 8.
Nc3 Bc6 9. O-O e6 10. d4 Nbd7 11. Be3 Qb6 12. Na4 Qa5 13. Nxc5 Nxc5 14. dxc5
Bxc5 15. Bxc5 Qxc5 16. Qd4 Qxd4 17. Nxd4 Bxg2 18. Kxg2 Ke7 19. Rac1 Rac8 20.
Nb3 Nd5 21. Rxc8 Rxc8 22. Rc1 Rd8 23. Kf1 f5 24. Nc5 b6 25. Nd3 g5 26. Ne5 Kf6
27. Nd3 Rd7 28. Rc6 Ne7 29. Rc4 e5 30. f3 Ke6 31. Kf2 Kd5 32. b3 f4 33. Ke1 h5
34. Nf2 b5 35. Rc1 Nc6 36. Ne4 Nd4 37. gxf4 gxf4 38. Rc5+ 1-0

[Event "Cappelle-la-Grande"]
[Site "Cappelle-la-Grande (FRA)"]
[Date "2013.02.28"]
[Round "7.103"]
[White "Dengler, Dijana"]
[Black "Westerinen, Heikki M.j"]
[Result "0-1"]
[WhiteElo "2062"]
[BlackElo "2339"]
[PlyCount "130"]
[EventDate "2013.??.??"]

1. d4 Nf6 2. Nf3 g6 3. c4 Bg7 4. Nc3 O-O 5. Bg5 d6 6. e3 h6 7. Bh4 c5 8. d5 Bf5
9. Nd2 e5 10. dxe6 Bxe6 11. Be2 g5 12. Bg3 d5 13. h4 d4 14. exd4 cxd4 15. Nb5
d3 16. Bf3 Nc6 17. hxg5 hxg5 18. Bxc6 bxc6 19. Nc7 Qe7 20. O-O Rad8 21. Re1 Nh7
22. Rb1 Qf6 23. Be5 Qf5 24. Bxg7 Kxg7 25. Nxe6+ fxe6 26. Qf3 Rd4 27. Qxf5 exf5
28. Re6 Rf6 29. Rbe1 g4 30. Re7+ Rf7 31. f3 Ng5 32. Kf2 Ne4+ 33. Ke3 Rxe7 34.
Kxd4 Rd7+ 35. Ke3 f4+ 36. Kxe4 Re7+ 37. Kxd3 Rxe1 38. fxg4 Rg1 39. b4 Rxg2 40.
a4 Kf6 41. Nf3 Rxg4 42. Ke4 Rg2 43. Kxf4 Ra2 44. Ne5 Rxa4 45. Nxc6 Ke6 46. Nd4+
Kd7 47. b5 Rxc4 48. Ke5 Rc5+ 49. Ke4 Kd6 50. Nf5+ Kc7 51. Nd4 Kb6 52. Kd3 Rh5
53. Kc4 Re5 54. Kb4 Rc5 55. Kb3 Ka5 56. Kb2 Rc4 57. Nc2 Rh4 58. Na3 Kb4 59.
Nc2+ Kxb5 60. Ne3 a5 61. Nd1 Kb4 62. Ne3 Rh2+ 63. Nc2+ Kc4 64. Kb1 Kc3 65. Na3
Kb3 0-1

[Event "Cappelle-la-Grande"]
[Site "Cappelle-la-Grande (FRA)"]
[Date "2013.02.28"]
[Round "7.107"]
[White "Hoolt, Sarah"]
[Black "Hawia, Thierry"]
[Result "1-0"]
[WhiteElo "2308"]
[BlackElo "2041"]
[PlyCount "39"]
[EventDate "2013.??.??"]

1. e4 e5 2. Nf3 Nc6 3. Bc4 Bc5 4. d3 Nf6 5. Bb3 a6 6. Nbd2 d6 7. c3 Ba7 8. Nf1
d5 9. exd5 Nxd5 10. Ng3 h6 11. O-O O-O 12. Re1 Re8 13. d4 Nf6 14. Qd3 exd4 15.
Bxh6 gxh6 16. Qg6+ Kh8 17. Rxe8+ Qxe8 18. Qxf6+ Kh7 19. Bxf7 Qe7 20. Qg6+ 1-0

[Event "Cappelle-la-Grande"]
[Site "Cappelle-la-Grande (FRA)"]
[Date "2013.02.28"]
[Round "7.108"]
[White "Czyz, Artur"]
[Black "Decoster, Frederic"]
[Result "0-1"]
[WhiteElo "2029"]
[BlackElo "2305"]
[PlyCount "82"]
[EventDate "2013.??.??"]

1. e4 c5 2. Nf3 d6 3. d4 cxd4 4. Qxd4 a6 5. c4 Nc6 6. Qd3 g6 7. Be2 Bg7 8. O-O
Nf6 9. Nc3 O-O 10. Be3 Bg4 11. Qd2 Rb8 12. Rfd1 Nd7 13. Rac1 Qa5 14. a3 Rfc8
15. Nd4 Bxe2 16. Qxe2 Nxd4 17. Bxd4 Bh6 18. Nd5 Qd8 19. Rc3 e6 20. Nb4 a5 21.
Nc2 Qe7 22. Rh3 Bf8 23. f4 e5 24. fxe5 dxe5 25. Bf2 Qe6 26. Ne3 Qc6 27. Qg4 Nf6
28. Qh4 h6 29. Nd5 Nxd5 30. cxd5 Qc2 31. Rhd3 Rd8 32. R3d2 Qc4 33. d6 Rxd6 34.
Rxd6 Bxd6 35. Be3 Qb3 36. Re1 Bf8 37. Bxh6 Qxb2 38. Bxf8 Rxf8 39. Qg3 Rc8 40.
h4 Rc1 41. h5 Qb1 0-1

[Event "Cappelle-la-Grande"]
[Site "Cappelle-la-Grande (FRA)"]
[Date "2013.02.28"]
[Round "7.111"]
[White "Kobayashi, Atsuhiko"]
[Black "Wacker, Peter"]
[Result "1-0"]
[WhiteElo "1997"]
[BlackElo "2300"]
[PlyCount "77"]
[EventDate "2013.??.??"]

1. e4 c5 2. Nf3 Nc6 3. d4 cxd4 4. Nxd4 Qb6 5. Nb3 Nf6 6. Nc3 e6 7. Bd3 a6 8.
Be3 Qc7 9. O-O d6 10. f4 Be7 11. Kh1 b5 12. a3 Bb7 13. Qe1 O-O 14. Rd1 Nd7 15.
Ne2 Nc5 16. Nxc5 dxc5 17. c3 Nb8 18. Ng3 Nd7 19. Qe2 g6 20. Rd2 Bc6 21. Bc2 Nb6
22. f5 Nc4 23. f6 Bd6 24. Rxd6 Nxd6 25. e5 Nc4 26. Bf4 Kh8 27. Be4 Rad8 28. b3
Nb6 29. Qg4 Rg8 30. Bh6 Nd5 31. Nh5 Qxe5 32. Bxd5 Bxd5 33. Bg7+ Rxg7 34. fxg7+
Kg8 35. Nf6+ Kxg7 36. Qh4 Rh8 37. Ng4 Bxg2+ 38. Kxg2 Qd5+ 39. Kg1 1-0

[Event "Cappelle-la-Grande"]
[Site "Cappelle-la-Grande (FRA)"]
[Date "2013.02.28"]
[Round "7.114"]
[White "Dugailliez, Guy"]
[Black "Palacios, Antonio"]
[Result "0-1"]
[WhiteElo "1966"]
[BlackElo "2285"]
[PlyCount "58"]
[EventDate "2013.??.??"]

1. e4 c5 2. Nc3 Nc6 3. f4 d6 4. Bb5 Bd7 5. Nf3 g6 6. d3 Bg7 7. O-O Nf6 8. a4
O-O 9. h3 Nb4 10. Bxd7 Qxd7 11. Ne2 c4 12. Bd2 cxd3 13. Bxb4 dxe2 14. Qxe2 Nh5
15. Qd2 Bxb2 16. Rab1 Bh8 17. g4 a5 18. gxh5 axb4 19. hxg6 hxg6 20. f5 Qc6 21.
fxg6 fxg6 22. Qh6 Rf7 23. Ng5 Bd4+ 24. Kh2 (24. Kh1 Rg7 25. Rf4 Ra5 26. Rh4
Rxg5) 24... Rg7 25. Rf4 Ra5 26. Rh4 Rxg5 27. Rf1 Bf6 28. Rxf6 exf6 29. Qh8+ Kf7
0-1

[Event "Cappelle-la-Grande"]
[Site "Cappelle-la-Grande (FRA)"]
[Date "2013.02.28"]
[Round "7.122"]
[White "Ramez, Jean-Simon"]
[Black "Kulon, Klaudia"]
[Result "0-1"]
[WhiteElo "1920"]
[BlackElo "2262"]
[PlyCount "62"]
[EventDate "2013.??.??"]

1. d4 d5 2. c4 e6 3. Nc3 c6 4. Nf3 dxc4 5. e3 b5 6. a4 Bb4 7. Bd2 Bb7 8. axb5
Bxc3 9. Bxc3 cxb5 10. b3 a5 11. bxc4 b4 12. Bd2 Nf6 13. Bd3 O-O 14. O-O Nbd7
15. Bc2 Qc7 16. Qe2 Ne4 17. Rfc1 Rfc8 18. Bb3 Nb6 19. c5 Nd5 20. Ne5 Ba6 21.
Qe1 Rcb8 22. Nc4 Bb5 23. Nb2 Ndc3 24. Bxc3 Nxc3 25. Rxc3 bxc3 26. Qxc3 a4 27.
Bc4 a3 28. Nd3 Bxc4 29. Qxc4 a2 30. Nb4 Ra4 31. Rxa2 Raxb4 0-1

[Event "Cappelle-la-Grande"]
[Site "Cappelle-la-Grande (FRA)"]
[Date "2013.02.28"]
[Round "7.124"]
[White "Whiteley, Andrew J"]
[Black "Maruejols, Claude"]
[Result "0-1"]
[WhiteElo "2251"]
[BlackElo "1972"]
[PlyCount "90"]
[EventDate "2013.??.??"]

1. d4 Nf6 2. c4 g6 3. Nf3 Bg7 4. g3 O-O 5. Bg2 d5 6. cxd5 Nxd5 7. O-O c5 8.
dxc5 Na6 9. Ng5 e6 10. Ne4 Bd7 11. Nbc3 Bc6 12. Nxd5 exd5 13. Nc3 d4 14. Ne4
Bxe4 15. Bxe4 Nxc5 16. Bf3 Qd7 17. Bd2 Rac8 18. Rc1 Rfd8 19. b3 b6 20. Re1 Qf5
21. Bb4 Ne4 22. Qd3 Nc3 23. Qxf5 gxf5 24. Rc2 a5 25. Be7 Re8 26. Bg5 Ne4 27.
Rxc8 Rxc8 28. Rc1 Rc3 29. Bf4 Bf8 30. Rd1 Bg7 31. g4 Rc2 32. gxf5 Nc3 33. Rd2
Rxd2 34. Bxd2 Nxa2 35. Bf4 Bf8 36. Bc7 Bc5 37. f6 Nc1 38. Bd5 Nxe2+ 39. Kf1 Nc3
40. Bc4 Ne4 41. Bd8 Nd2+ 42. Ke2 Nxc4 43. bxc4 a4 44. Kd2 a3 45. Kc1 h5 0-1

[Event "Cappelle-la-Grande"]
[Site "Cappelle-la-Grande (FRA)"]
[Date "2013.02.28"]
[Round "7.131"]
[White "Gasik, Anna"]
[Black "Andrieu, Philippe"]
[Result "1/2-1/2"]
[WhiteElo "2232"]
[BlackElo "1919"]
[PlyCount "132"]
[EventDate "2013.??.??"]

1. e4 c5 2. Ne2 Nc6 3. d4 cxd4 4. Nxd4 e5 5. Nb5 a6 6. Nd6+ Bxd6 7. Qxd6 Qf6 8.
Qd2 Nge7 9. a4 Nd4 10. Ra3 Qc6 11. Bd3 b6 12. O-O Bb7 13. Qg5 Ng6 14. Be3 Ne6
15. Qg3 O-O 16. Rc3 Qd6 17. Na3 Nc5 18. Nc4 Qe6 19. Nxb6 Nxd3 20. cxd3 Rad8 21.
a5 f5 22. exf5 Qxf5 23. Qg5 Qe6 24. f3 h6 25. Qg3 Nf4 26. Bxf4 exf4 27. Qf2
Rde8 28. d4 Rf7 29. Rc2 Rfe7 30. Rd2 Qb3 31. d5 Qb4 32. Qd4 Qxa5 33. h4 Re1 34.
Nc4 Qa1 35. Rd1 Rxd1 36. Qxd1 Qa2 37. Qd3 a5 38. Qg6 Re2 39. Nd6 Bxd5 40. Nf5
Qxb2 41. Nxh6+ Kh8 42. Nf5 Bf7 43. Qg5 Qb6+ 44. Kh2 Qg6 45. Rd1 Qxg5 46. hxg5
Re5 47. Nd6 Bb3 48. Rd3 a4 49. g6 Kg8 50. Rc3 Rh5+ 51. Kg1 Kf8 52. Ne4 Ke7 53.
Nc5 Bd1 54. Nxd7 Rg5 55. Nb6 Rxg6 56. Nd5+ Ke8 57. Nxf4 Rb6 58. Ra3 Bc2 59. Kh2
Rd6 60. Kg3 Bb3 61. Ne2 Rd2 62. Nc3 Rd4 63. Ne4 Rd5 64. Kf4 Bc2 65. Ra2 Bb3 66.
Ra3 Bc2 1/2-1/2

[Event "Cappelle-la-Grande"]
[Site "Cappelle-la-Grande (FRA)"]
[Date "2013.02.28"]
[Round "7.132"]
[White "Shvayger, Yuliya"]
[Black "Leguillon, David"]
[Result "1-0"]
[WhiteElo "2232"]
[BlackElo "1913"]
[PlyCount "57"]
[EventDate "2013.??.??"]

1. e4 Nf6 2. e5 Nd5 3. d4 d6 4. Nf3 dxe5 5. Nxe5 c6 6. Bd3 Nd7 7. Nf3 g6 8. O-O
Bg7 9. Re1 O-O 10. c3 Re8 11. Bg5 N7f6 12. Nbd2 Bg4 13. h3 Bxf3 14. Nxf3 e6 15.
Ne5 Qb6 16. Rb1 a5 17. Qf3 Qc7 18. Bh4 b5 19. b3 Nxc3 20. Bxf6 Nxb1 21. Rxb1 a4
22. Rc1 axb3 23. axb3 Ra3 24. Rxc6 Ra1+ 25. Kh2 Qa7 26. Rd6 Bf8 27. Rd7 Qa3 28.
Rxf7 Rc8 29. Rxh7 1-0

[Event "Cappelle-la-Grande"]
[Site "Cappelle-la-Grande (FRA)"]
[Date "2013.02.28"]
[Round "7.137"]
[White "Lecoeur, Boris"]
[Black "Boizante, Yvain"]
[Result "0-1"]
[WhiteElo "1667"]
[BlackElo "2203"]
[PlyCount "45"]
[EventDate "2013.??.??"]

1. d4 Nf6 2. c4 g6 3. Nc3 Bg7 4. e4 d6 5. h3 O-O 6. Nge2 c5 7. d5 b5 8. cxb5 a6
9. bxa6 Bxa6 10. Ng3 Bxf1 11. Nxf1 Nbd7 12. Ne3 Qa5 13. O-O Rfb8 14. Qe2 Ne8
15. Nc4 Qa6 16. Re1 Nc7 17. a4 Rb4 18. Nd2 c4 19. Ndb1 Nc5 20. f4 Nd3 21. Rd1
Nxc1 22. Rxc1 Qb6+ 23. Qf2 0-1

[Event "Cappelle-la-Grande"]
[Site "Cappelle-la-Grande (FRA)"]
[Date "2013.02.28"]
[Round "7.139"]
[White "Rodriguez Rueda, Paula Andrea"]
[Black "Van Poucke, Anthony"]
[Result "1-0"]
[WhiteElo "2183"]
[BlackElo "1649"]
[PlyCount "37"]
[EventDate "2013.??.??"]

1. d4 Nf6 2. c4 c5 3. e3 e6 4. Nf3 d5 5. Nc3 Be7 6. Bd3 O-O 7. O-O Nc6 8. b3 b6
9. Re1 Bb7 10. cxd5 Nxd5 11. Nxd5 Qxd5 12. e4 Qd8 13. d5 exd5 14. exd5 Nd4 15.
Nxd4 cxd4 16. Bd2 Re8 17. Qg4 Bf6 18. Rxe8+ Qxe8 19. Qf5 1-0

[Event "Cappelle-la-Grande"]
[Site "Cappelle-la-Grande (FRA)"]
[Date "2013.02.28"]
[Round "7.145"]
[White "Afek, Yochanan"]
[Black "Briquet, Daniel"]
[Result "1-0"]
[WhiteElo "2310"]
[BlackElo "1635"]
[PlyCount "41"]
[EventDate "2013.??.??"]

1. c4 c5 2. Nc3 Nf6 3. g3 e6 4. Bg2 Nc6 5. Nf3 Be7 6. O-O Rb8 7. d4 cxd4 8.
Nxd4 O-O 9. Bf4 a6 10. Nxc6 dxc6 11. Qxd8 Rxd8 12. Bxb8 Rd4 13. b3 Nd7 14. Bf4
Bb4 15. Ne4 Nf8 16. Rad1 c5 17. e3 Rxd1 18. Rxd1 f6 19. Rd8 e5 20. Bxe5 fxe5
21. Rxc8 1-0

[Event "Cappelle-la-Grande"]
[Site "Cappelle-la-Grande (FRA)"]
[Date "2013.02.28"]
[Round "7.158"]
[White "Dumas, Victor"]
[Black "Grall, Gwenole"]
[Result "1-0"]
[WhiteElo "2099"]
[BlackElo "1746"]
[PlyCount "39"]
[EventDate "2013.??.??"]

1. e4 d5 2. exd5 Qxd5 3. Nc3 Qa5 4. b4 Qxb4 5. Rb1 Qa5 6. Nf3 c6 7. Bc4 a6 8.
O-O Qh5 9. d4 Nf6 10. Re1 b5 11. Re5 Qg4 12. Rg5 Qd7 13. Bxf7+ Kd8 14. Ne5 Qc7
15. Bf4 e6 16. Bh5 Nxh5 17. Qxh5 Ra7 18. Ng6 Qf7 19. Bxb8 Rb7 20. Nxh8 1-0

[Event "Cappelle-la-Grande"]
[Site "Cappelle-la-Grande (FRA)"]
[Date "2013.02.28"]
[Round "7.177"]
[White "Levers, Thierry"]
[Black "Deceuninck, Andre"]
[Result "1-0"]
[WhiteElo "1926"]
[BlackElo "1643"]
[PlyCount "37"]
[EventDate "2013.??.??"]

1. d4 Nf6 2. Nf3 d6 3. Nc3 c6 4. e4 Nbd7 5. Bg5 g6 6. Qd2 h5 7. O-O-O Bg7 8.
Bc4 b5 9. Bd3 b4 10. Ne2 a5 11. e5 Ng4 12. Ng3 dxe5 13. h3 Nh6 14. dxe5 Nc5 15.
Qe3 Nxd3+ 16. Rxd3 Qc7 17. Bf4 Qa7 18. Qd2 Nf5 19. Rd8# 1-0

[Event "Cappelle-la-Grande"]
[Site "Cappelle-la-Grande (FRA)"]
[Date "2013.02.28"]
[Round "7.178"]
[White "Massot, Manuel"]
[Black "Gaillet, Philippe"]
[Result "1-0"]
[WhiteElo "1923"]
[BlackElo "1632"]
[PlyCount "31"]
[EventDate "2013.??.??"]

1. e4 d5 2. exd5 Qxd5 3. Nc3 Qa5 4. g3 Nf6 5. Bg2 c6 6. Nge2 Bg4 7. h3 Bh5 8.
b4 Qxb4 9. Rb1 Qa5 10. Rxb7 e6 11. Rb3 Qc7 12. O-O Bd6 13. Nb5 cxb5 14. Bxa8
Nc6 15. Rc3 O-O 16. Bxc6 1-0

[Event "Cappelle-la-Grande"]
[Site "Cappelle-la-Grande (FRA)"]
[Date "2013.02.28"]
[Round "7.180"]
[White "Decellier, Patrick"]
[Black "Minaud, Emily"]
[Result "1-0"]
[WhiteElo "1917"]
[BlackElo "1625"]
[PlyCount "49"]
[EventDate "2013.??.??"]

1. e4 e5 2. Nf3 Nc6 3. Bb5 a6 4. Ba4 d6 5. O-O b5 6. Bb3 Bg4 7. c3 Nf6 8. Re1
Be7 9. d3 h6 10. Nbd2 O-O 11. Nf1 Qd7 12. Ng3 Nh7 13. h3 Be6 14. Bc2 Nd8 15. d4
exd4 16. cxd4 Qc8 17. d5 Bd7 18. Qd3 Nf6 19. e5 dxe5 20. Nxe5 g5 21. Nh5 Bf5
22. Nxf6+ Bxf6 23. Qxf5 Qxf5 24. Bxf5 Re8 25. f4 1-0

[Event "Cappelle-la-Grande"]
[Site "Cappelle-la-Grande (FRA)"]
[Date "2013.02.28"]
[Round "7.186"]
[White "Koscielny, Edmond"]
[Black "Bouche, Fabian"]
[Result "1-0"]
[WhiteElo "1876"]
[BlackElo "1588"]
[PlyCount "55"]
[EventDate "2013.??.??"]

1. f4 e5 2. fxe5 d6 3. exd6 Bxd6 4. Nf3 g5 5. g3 g4 6. Nh4 f5 7. d4 f4 8. Qd3
Qe7 9. Nc3 Nf6 10. Bxf4 Bxf4 11. gxf4 Nc6 12. O-O-O Nb4 13. Qg3 Nh5 14. Qf2 Rf8
15. e3 Bf5 16. Nxf5 Rxf5 17. Bb5+ c6 18. Bd3 Ra5 19. a3 Nd5 20. Nxd5 cxd5 21.
Qe2 Rc8 22. Qxg4 Kd8 23. Qxh5 Rxa3 24. Qxd5+ Ke8 25. Qg8+ Kd7 26. Bf5+ Kd6 27.
Qxc8 Qxe3+ 28. Kb1 1-0

[Event "Cappelle-la-Grande"]
[Site "Cappelle-la-Grande (FRA)"]
[Date "2013.03.01"]
[Round "8.13"]
[White "Jianu, Vlad-Cristian"]
[Black "Popovic, Dusan"]
[Result "1-0"]
[WhiteElo "2500"]
[BlackElo "2574"]
[PlyCount "95"]
[EventDate "2013.??.??"]

1. d4 d6 2. Nf3 Nf6 3. c4 g6 4. g3 Bg7 5. Bg2 O-O 6. O-O Nc6 7. Nc3 Bf5 8. d5
Na5 9. Nd2 c5 10. e4 Bd7 11. Qc2 a6 12. b3 b5 13. Bb2 Rb8 14. Rab1 e5 15. Ne2
h5 16. h3 h4 17. g4 Nh7 18. f4 exf4 19. Bxg7 Kxg7 20. Qc3+ f6 21. Nxf4 Ng5 22.
Rbe1 Nb7 23. Nf3 Nxf3+ 24. Rxf3 Qe7 25. g5 Qe5 26. gxf6+ Rxf6 27. Qxe5 dxe5 28.
Nd3 Rxf3 29. Bxf3 Re8 30. Kg2 a5 31. Rf1 Re7 32. Bg4 Bxg4 33. hxg4 bxc4 34.
bxc4 Nd6 35. Nxc5 Nxc4 36. Kh3 g5 37. Ne6+ Kg6 38. Rc1 Nd6 39. Rc6 Nxe4 40.
Nc5+ Nf6 41. d6 Re8 42. d7 Rd8 43. Ne4 Rxd7 44. Rxf6+ Kg7 45. Rd6 Rxd6 46. Nxd6
Kf6 47. Ne4+ Kg6 48. Kg2 1-0

[Event "Cappelle-la-Grande"]
[Site "Cappelle-la-Grande (FRA)"]
[Date "2013.03.01"]
[Round "8.15"]
[White "Lalic, Bogdan"]
[Black "Malakhatko, Vadim"]
[Result "1/2-1/2"]
[WhiteElo "2478"]
[BlackElo "2565"]
[PlyCount "26"]
[EventDate "2013.??.??"]

1. d4 d5 2. c4 c6 3. Nc3 Nf6 4. cxd5 cxd5 5. Bf4 Nc6 6. e3 a6 7. Bd3 Bg4 8. f3
Bh5 9. Qb3 Na5 10. Qa4+ Nc6 11. Qb3 Na5 12. Qa4+ Nc6 13. Qb3 Na5 1/2-1/2